افسانے کا منظر نامہ / (Record no. 172152)

MARC details
000 -LEADER
fixed length control field 00537nam a22001817a 4500
005 - DATE AND TIME OF LATEST TRANSACTION
control field 20200128131850.0
010 ## - LCCN (DPL NO)
LC control number A-213218
020 ## - INTERNATIONAL STANDARD BOOK NUMBER
Terms of availability 18.00
035 ## - SYSTEM CONTROL NUMBER
System control number A-213218
037 ## - SOURCE OF ACQUISITION
Source of stock number/acquisition DBAD/PUB
082 ## - DEWEY DECIMAL CLASSIFICATION NUMBER
Classification number 843.08
100 ## - MAIN ENTRY--PERSONAL NAME
Personal name مرزا حامد بیگ
245 ## - TITLE STATEMENT
Title افسانے کا منظر نامہ /
Statement of responsibility, etc مرزا حامد بیگ
246 ## - VARYING FORM OF TITLE
Title proper/short title Afsane ka Mazar Nama (Urdu) /
Remainder of title by Mirza Hamid Begh
260 ## - PUBLICATION, DISTRIBUTION, ETC. (IMPRINT)
Place of publication, distribution, etc Allahabad
Date of publication, distribution, etc 1983 ء
Name of publisher, distributor, etc Urdu Riders
300 ## - PHYSICAL DESCRIPTION
Extent 203p.
Dimensions 20cm(Hb)
942 ## - ADDED ENTRY ELEMENTS (KOHA)
Source of classification or shelving scheme Dewey Decimal Classification
Item type Urdu Bks
Classification part 843.08
Call number suffix ب ی گ
Holdings
Withdrawn status Lost status Not for loan Collection code Home library Current library Date acquired Source of acquisition Cost, normal purchase price Full call number Barcode Copy number Cost, replacement price Koha item type
      Non-fiction Central Library Central Library 28/01/2020 BPPD/Ven. 18.00 843.08 ب ی گ A-213218 1 18.00 Urdu Bks

© Delhi Public Library
Hit Counter
free hit counter